Czy znasz walutę tego państwa? - Statystyki

Ogólne statystyki
  • Ten quiz został rozwiązany 16 razy
  • Średni wynik to 8 z 20
Statystyki odpowiedzi
Państwo Waluta % Poprawnych
Cypr euro
92%
Austria euro
92%
Portugalia euro
92%
Szwajcaria frank
92%
Wielka Brytania funt
92%
Islandia korona
62%
Zimbabwe dolar
38%
Irak dinar
31%
Mołdawia lej
31%
Izrael szekel
31%
Dominika dolar
23%
Afganistan afgani
15%
Kuwejt dinar
15%
Peru sol
15%
Kirgistan som
15%
Laos kip
8%
Angola kwanza
8%
Kazachstan tenge
8%
Mongolia tugrik
8%
Mauretania ugija
0%
Nie znaleziono quizów pasujących do podanych kryteriów
Rozkład punktacji
Procent ludzi z każdym wynikiem
Percentyl według liczby udzielonych odpowiedzi
Twoja historia wyników
Nie rozwiązałeś tego quizu